Statistics for Top 10 Most Forgotten U.S. States

Click here to take the quiz!

General Stats

  • This quiz has been taken 398 times
  • The average score is 6 of 10

Answer Stats

RankState% Correct
No. 4Wyoming
84%
No. 10Idaho
77%
No. 3Montana
69%
No. 2Nebraska
66%
No. 1Utah
65%
No. 8Delaware
64%
No. 7New Hampshire
60%
No. 5New Mexico
54%
No. 6Kentucky
43%
No. 9Mississippi
40%

Score Distribution

Percentile by Number Answered

Percent of People with Each Score

Your Score History

You have not taken this quiz